000 00546nam a2200193 i 4500
001 85141
003 ES-MaACL
005 20230906175205.0
007 t|
008 041125s1909 fr ||||1| fre d
100 1 _aJouguet, E.
_967020
245 1 0 _aTheorie des Moteurs thermiques /
_cE. Jouguet.
260 _a[S.l. :
_bs.n.],
_c1909 (
_eSaint-Amand :
_fBussière)
300 _a447 p. ;
_c18 cm.
490 1 _aEncyclopédie scientifique
830 0 _aEncyclopédie scientifique
_9180883
852 _aES-MaACL
_jD-4400
999 _c85141
_d85141